00865cam a2200277 a 4500001001300000003000400013005001700017008004100034010001700075035001900092040001800111041001300129043001200142050001500154100001600169245008700185260006400272300002900336490005500365546002600420504004100446651002200487650002400509830003700533999001700570sa 65010823 DLC20260227112211.0801006s1965 ii a b 000 0 eng  asa 65010823  a(OCoLC)6794048 aDLCcDLCdDLC0 aengahin aa-ii---00aPK116b.R30 aRaghu Vira.10aIndia's national language :ba collection of the articles of Prof. Dr. Raghu Vira. aNew Delhi :bInternational Academy of India Culture,c1965. a351 p. :bill. ;c25 cm.1 aŚata-piṭaka series ;vv. 36 =aŚatapiṭakam aIn English and Hindi. aIncludes bibliographical references. 0aIndiaxLanguages. 0aOriental languages. 0aŚata-piṭaka series ;vv. 36. c66965d66965